01140nam a2200265 i 450000100060000000300090000600500170001500700030003200800410003508000110007610000280008724502000011526000370031530000520035250000440040450400400044850501780048855500280066663000260069470000240072070000220074470000360076670000330080285200390083536892ES-MaACL20251015063050.0t|030219s19711971sp bf |||| | spa d a27-2731 aBrown, Raymond, d1928-10aComentario bíblico "San Jerónimo" / cdirigido por Raymond E. Brown, Joseph A. Fitzmyer, Roland E. Murphy ; [traductor y supervisor de la edición española, Alfonso de la Fuente Adánez]. aMadrid : bCristiandad, c[1971] a5 v. : bmapas col., map. col. pleg. ; c24 cm. aÍndices ; Índice analítico: v. 5. aBibliografía: p. [863-864]: v. 5.8 aContiene: T. I-II ; tAntiguo Testamento, 1-2 / r[presentación, Agustín Bea, Cardenal (t. I)] - T. III-IV. -- tNuevo Testamento, 1-2 - T. V ;tEstudios sistemáticos aÍndice general: v. 1. 0aBiblia-vComentarios.1 aFitzmyer, Joseph A.1 aMurphy, Roland E.1 aFuente Adánez, Alfonso de la.1 aBea, Agostino c, Cardinale. aES-MaACLjE-15672-76 z- enc. tela